Sams teach yourself HTML 4 in 10 minutes / (Record no. 177783)
[ view plain ]
| 000 -LEADER | |
|---|---|
| fixed length control field | 00755nam a2200241 4500 |
| 001 - CONTROL NUMBER | |
| control field | vtls001649860 |
| 003 - CONTROL NUMBER IDENTIFIER | |
| control field | MY-SjTCS |
| 005 - DATE AND TIME OF LATEST TRANSACTION | |
| control field | 20200226121149.0 |
| 008 - FIXED-LENGTH DATA ELEMENTS--GENERAL INFORMATION | |
| fixed length control field | 110218t1999 inua 000 eng |
| 020 ## - INTERNATIONAL STANDARD BOOK NUMBER | |
| International Standard Book Number | 0672317214 |
| 039 #9 - LEVEL OF BIBLIOGRAPHIC CONTROL AND CODING DETAIL [OBSOLETE] | |
| Level of rules in bibliographic description | 201908081233 |
| Level of effort used to assign nonsubject heading access points | ummi |
| Level of effort used to assign subject headings | 201102181431 |
| Level of effort used to assign classification | VLOAD |
| -- | 200407271905 |
| -- | VLOAD |
| 082 04 - DEWEY DECIMAL CLASSIFICATION NUMBER | |
| Classification number | 005.72 |
| Item number | HAY |
| 100 1# - MAIN ENTRY--PERSONAL NAME | |
| Personal name | Hayes, Deidre. |
| 9 (RLIN) | 9579 |
| 245 10 - TITLE STATEMENT | |
| Title | Sams teach yourself HTML 4 in 10 minutes / |
| Statement of responsibility, etc. | Deidre Hayes |
| 246 10 - VARYING FORM OF TITLE | |
| Title proper/short title | Teach yourself HTML 4 in 10 minutes |
| 250 ## - EDITION STATEMENT | |
| Edition statement | 2nd ed. |
| 260 ## - PUBLICATION, DISTRIBUTION, ETC. | |
| Place of publication, distribution, etc. | Indianapolis, Ind. : |
| Name of publisher, distributor, etc. | Sams, |
| Date of publication, distribution, etc. | 1999 |
| 300 ## - PHYSICAL DESCRIPTION | |
| Extent | v, 228 p. ; |
| Dimensions | 21 cm. |
| 440 #0 - SERIES STATEMENT/ADDED ENTRY--TITLE | |
| Title | Sams teach yourself in 10 minutes series |
| 650 #0 - SUBJECT ADDED ENTRY--TOPICAL TERM | |
| Topical term or geographic name entry element | HTML (Document markup language) |
| 650 #0 - SUBJECT ADDED ENTRY--TOPICAL TERM | |
| Topical term or geographic name entry element | World Wide Web. |
| 920 ## - Programme | |
| Programme | CPU : 62354 |
| Withdrawn status | Lost status | Source of classification or shelving scheme | Damaged status | Not for loan | Home library | Current library | Date acquired | Total Checkouts | Barcode | Date last seen | Date last checked out | Copy number | Koha item type | Public note | Collection code |
|---|---|---|---|---|---|---|---|---|---|---|---|---|---|---|---|
| Withdrawn | Dewey Decimal Classification | Taylor's Library-TU | TU External Storage-LCS | 27/07/2004 | 2 | 1000103873 | 12/12/2019 | 20/04/2010 | 1 | Main Collection | SABDx,23002,02,GR | ||||
| Withdrawn | Dewey Decimal Classification | Taylor's Library-TU | TU External Storage-LCS | 24/02/2009 | 7 | 5000074424 | 12/12/2019 | 31/07/2009 | 1 | Main Collection | CPUxx,02000,03,GR | Please fill up online form at https://taylorslibrary.taylors.edu.my/services/external_storage1 |